A tale of two cities (Record no. 9149)
[ view plain ]
| 000 -LEADER | |
|---|---|
| fixed length control field | 00925nam a22002177a 4500 |
| 003 - CONTROL NUMBER IDENTIFIER | |
| control field | OSt |
| 005 - DATE AND TIME OF LATEST TRANSACTION | |
| control field | 20260316062951.0 |
| 008 - FIXED-LENGTH DATA ELEMENTS--GENERAL INFORMATION | |
| fixed length control field | 260316b |||||||| |||| 00| 0 eng d |
| 020 ## - INTERNATIONAL STANDARD BOOK NUMBER | |
| International Standard Book Number | 978-9715184908 |
| 040 ## - CATALOGING SOURCE | |
| Original cataloging agency | DWCL GS lib |
| Transcribing agency | OC |
| 082 ## - DEWEY DECIMAL CLASSIFICATION NUMBER | |
| Classification number | D548t 2011 |
| 100 ## - MAIN ENTRY--PERSONAL NAME | |
| Personal name | CHARLES DICKENS |
| 245 ## - TITLE STATEMENT | |
| Title | A tale of two cities |
| Statement of responsibility, etc. | CHARLES DICKENS |
| 260 ## - PUBLICATION, DISTRIBUTION, ETC. | |
| Place of publication, distribution, etc. | Manila |
| Name of publisher, distributor, etc. | Lampara Publishing House Inc |
| Date of publication, distribution, etc. | 2011 |
| 300 ## - PHYSICAL DESCRIPTION | |
| Extent | 128 p |
| Other physical details | color illustreations |
| Dimensions | 20 cm |
| 520 ## - SUMMARY, ETC. | |
| Summary, etc. | It follows Dr. Alexandre Manetteās release after 18 years in the Bastille, his reunion with daughter Lucie, and the sacrifice of Sydney Carton, who dies at the guillotine to save Lucie's husband, Charles Darnay. |
| 650 ## - SUBJECT ADDED ENTRY--TOPICAL TERM | |
| Topical term or geographic name entry element | It contrasts the relative peace of London with the volatile violence of Paris |
| 650 ## - SUBJECT ADDED ENTRY--TOPICAL TERM | |
| Topical term or geographic name entry element | self-sacrificial love and redemption can overcome despair, hatred, and social chaos. |
| 700 ## - ADDED ENTRY--PERSONAL NAME | |
| Personal name | CHARLES DICKENS |
| 942 ## - ADDED ENTRY ELEMENTS (KOHA) | |
| Source of classification or shelving scheme | Dewey Decimal Classification |
| Koha item type | Fiction |
| Suppress in OPAC | No |
No items available.